| 000 | 00848nmm a2200253 a 4500 | ||
|---|---|---|---|
| 001 | ocm000955285 | ||
| 003 | TR-IsHL | ||
| 005 | 20201028150328.0 | ||
| 008 | 150110s2014 tu tur | ||
| 007 | cr cn | ||
| 035 |
_a955285 _b(N$T) |
||
| 050 | 0 | 4 |
_aPL248.A735 _bD89 2014 |
| 090 | 0 | 4 |
_aPL248.A735 _bD89 2014 |
| 100 | 1 | _aAsal, Raşel Rakella | |
| 245 | 1 | 0 |
_aDuyuyor musun kalbim? _h[electronic resource] / _cRaşel Rakella Asal |
| 260 |
_aİstanbul : _bKafekültür Yayıncılık, _c2014 |
||
| 300 | _a49 p. | ||
| 650 | 4 | _aDil ve Edebiyat | |
| 650 | 4 | _aLanguage and Literature | |
| 650 | 0 |
_aTürk edebiyatı _x Anlatı |
|
| 650 | 0 |
_aTurkish literature _x Narrative |
|
| 650 | 7 |
_aLITERARY COLLECTIONS / Middle Eastern _2bisacsh |
|
| 856 | 4 | 0 | _uhttp://search.ebscohost.com/login.aspx?direct=true&scope=site&db=e011xww&AN=955285 |
| 999 |
_c10414 _d10414 |
||